<?xml version="1.0" encoding="UTF-8"?>
<record
    xmlns:xsi="http://www.w3.org/2001/XMLSchema-instance"
    xsi:schemaLocation="http://www.loc.gov/MARC21/slim http://www.loc.gov/standards/marcxml/schema/MARC21slim.xsd"
    xmlns="http://www.loc.gov/MARC21/slim">

  <leader>01610nam a22002177a 4500</leader>
  <controlfield tag="003">OSt</controlfield>
  <controlfield tag="005">20251113170013.0</controlfield>
  <controlfield tag="008">251113b        |||||||| |||| 00| 0 eng d</controlfield>
  <datafield tag="040" ind1=" " ind2=" ">
    <subfield code="c">DCL</subfield>
  </datafield>
  <datafield tag="082" ind1=" " ind2=" ">
    <subfield code="a">T-1 Ph.D.</subfield>
  </datafield>
  <datafield tag="100" ind1="0" ind2=" ">
    <subfield code="a">Uttama Nanda, Rev</subfield>
    <subfield code="b">HD/Ph.D./11/12/043</subfield>
  </datafield>
  <datafield tag="245" ind1="1" ind2=" ">
    <subfield code="a"> A Comprehensive Study of 'Anysaya' in Theravad&#x101; Buddhism /</subfield>
    <subfield code="c">Rev. Uttama Nanda.</subfield>
  </datafield>
  <datafield tag="264" ind1=" " ind2=" ">
    <subfield code="a">Sri Lanka :</subfield>
    <subfield code="b">University of Peradeniya,</subfield>
    <subfield code="c">2015.</subfield>
  </datafield>
  <datafield tag="300" ind1=" " ind2=" ">
    <subfield code="a">xvi, 334 pages :</subfield>
    <subfield code="c">29 cm.</subfield>
  </datafield>
  <datafield tag="500" ind1=" " ind2=" ">
    <subfield code="a">Includes bibliographies.</subfield>
  </datafield>
  <datafield tag="502" ind1=" " ind2=" ">
    <subfield code="a">In this Dissertation Consists of  Five Chapters. The first chapter that the reader may grasp the roles of latent tendency and its controversial issues. The Second chapter provides a focus centered to the related terms with the latent tendency to advance our investigations, In the third and chapters, a deeper and wider survey on latent tendency from the perspective of ' Suttanata and Abhidhamma' are Scrutinized respectively. The last chapter pays due attention on how to overcome the latent tendency whilst the conclusion section gives the complete and final solutions to comprehend the latent tendency from the ' Therav&#x101;da ' Standpoint. </subfield>
    <subfield code="b">Ph.D. </subfield>
    <subfield code="c">University of Peradeniya,</subfield>
    <subfield code="d">2015.</subfield>
  </datafield>
  <datafield tag="505" ind1=" " ind2=" ">
    <subfield code="a">Chapter I : General View on the Concept of Anusaya.
Chaprter II : A Comparative study of Anusaya and Its Related Terms.
Chapter III : A Critical Study of Anusaya in Sutta Pi&#x1E6D;ak.
Chapter IV : Anusaya in Abhidhamma Pi&#x1E6D;aka.
Chapter V : Overcoming Anusaya.
Conclusion.
Bibliography.</subfield>
  </datafield>
  <datafield tag="650" ind1=" " ind2=" ">
    <subfield code="a">Ph.D. Dissertation</subfield>
  </datafield>
  <datafield tag="650" ind1=" " ind2=" ">
    <subfield code="a">Anusaya</subfield>
    <subfield code="v">Theravada Buddhism.</subfield>
  </datafield>
  <datafield tag="942" ind1=" " ind2=" ">
    <subfield code="2">ddc</subfield>
    <subfield code="c">THS</subfield>
    <subfield code="n">0</subfield>
  </datafield>
  <datafield tag="952" ind1=" " ind2=" ">
    <subfield code="0">0</subfield>
    <subfield code="1">0</subfield>
    <subfield code="2">ddc</subfield>
    <subfield code="4">0</subfield>
    <subfield code="7">1</subfield>
    <subfield code="8">Rfbs</subfield>
    <subfield code="a">DHAM</subfield>
    <subfield code="b">DHAM</subfield>
    <subfield code="c">Rfbs</subfield>
    <subfield code="d">2025-11-13</subfield>
    <subfield code="l">0</subfield>
    <subfield code="o">T-1 Ph.D.</subfield>
    <subfield code="p">T-1 Ph.D.</subfield>
    <subfield code="r">2025-11-13 16:52:40</subfield>
    <subfield code="w">2025-11-13</subfield>
    <subfield code="y">THS</subfield>
    <subfield code="A">T-1 Ph.D.</subfield>
  </datafield>
  <datafield tag="999" ind1=" " ind2=" ">
    <subfield code="c">2466</subfield>
    <subfield code="d">2466</subfield>
  </datafield>
</record>
